000
00311nam a2200121Ia 4500
008
220214s9999 xx 000 0 und d
100
_a
Ramakrishanan TS
245
0
_a
Notes on some fungi from South India-1
260
_b
Indian Phytopathology
_c
1952
300
_a
110-115
700
_a
Sundaram NV
942
_c
RE
999
_c
45997
_d
45997